| 000 | 00503nam a22001817a 4500 | ||
|---|---|---|---|
| 003 | CEME | ||
| 005 | 20210628210111.0 | ||
| 008 | 210211b xxu||||| |||| 00| 0 eng d | ||
| 020 | _a0-7680-0305-9 | ||
| 040 | _c. | ||
| 082 | _a629.2-SAE ALT | ||
| 100 |
_aSae _910239 |
||
| 245 | _aAlternative fuels 1998 sp-1391 | ||
| 260 |
_aUSA _bSAE _c1998 |
||
| 300 | _a268P | ||
| 650 |
_aFUEL TECHNOLO CNG CONVERSION OF LIGHT DUTY VEHICLS LPG CONVERSION OF LIGHT DUTY VEHICLS.SP-1391 _978131 |
||
| 942 |
_cBK _2ddc |
||
| 999 |
_c583288 _d583288 |
||